000 00951nmm a2200289 a 4500
001 ocm0002016323
003 TR-IsHL
005 20201028180155.0
008 181205s2016 tu tur
007 cr cn
020 _a9786055476809
035 _a2016323
_b(N$T)
050 0 4 _aDR592.K4
_bB463 2016
090 0 4 _aDR592.K4
_bB463 2016
100 1 _aBenazus, Hanri
245 1 0 _aYaşamın içinden Atatürk anıları
_h[electronic resource] /
_cHanri Benazus ; edited Gürsel Caniklioğlu
250 _a3. Baskı
260 _aİstanbul :
_bBizim Kitaplar,
_c2016
300 _a651 p.
650 4 _aDil ve Edebiyat
650 4 _aLanguage and Literature
650 0 _aTürkiye
_x Tarihi
650 0 _aTurkey
_x History
650 7 _aHISTORY / Middle East / Turkey & Ottoman Empire
_2bisacsh
700 1 _aCanikoğlu, Gürsel
856 4 0 _uhttp://search.ebscohost.com/login.aspx?direct=true&scope=site&db=e011xww&AN=2016323
999 _c19015
_d19015